| 000 | 00665nam a2200181Ia 4500 | ||
|---|---|---|---|
| 008 | 151202s9999||||xx |||||||||||||| ||und|| | ||
| 082 | _bPNVM-79554 | ||
| 100 | _aओशो/अनु-टाकळकर मीना. | ||
| 245 | _aसाद घालतो कबीर. | ||
| 260 | _b"मेहता पब्लिशिंग हाऊस,पुणे." | ||
| 260 | _c2011 | ||
| 300 | _a274 | ||
| 600 | _aओशो/अनु-टाकळकर मीना. | ||
| 630 | _aसाद घालतो कबीर. | ||
| 700 | _aओशो/अनु-टाकळकर मीना. | ||
| 730 | _aसाद घालतो कबीर. | ||
| 942 | _cBOOK | ||
| 999 |
_c1344163 _d1344160 |
||